Separated Cities (UK) II Quiz Stats

Quiz Updated May 21, 2016

Challenge
Share
Tweet
Score 0/30 Timer 05:00
0 Plays Today
% Correct
Birming
98.1%
Liver
97.2%
Ox
96%
Cam
94.7%
Shef
94.5%
South
92.8%
Read
92%
Newcastle-
91.8%
Chester
91.6%
North
91.4%
Lei
90.8%
Coven
90.5%
Brad
89.7%
Swan
89.6%
Bel
89.5%
% Correct
Bris
88.4%
Lee
85.7%
Southend-
85.1%
Middles
84.6%
Der
84.5%
Kingston-
84.5%
Bourne
84%
Col
83.4%
Stockton-
83.1%
Warring
82.9%
Poo
82.8%
Milton
82.2%
Hudders
80.6%
Tel
76.8%
Maid
76.5%

You're not logged in!

Compare scores with friends on all Sporcle quizzes.
Sign Up with Email
OR
Log In

You Might Also Like...

Show Comments

Extras

Top Quizzes Today


Score Distribution

Your Account Isn't Verified!

In order to create a playlist on Sporcle, you need to verify the email address you used during registration. Go to your Sporcle Settings to finish the process.